Introduction to probability (Record no. 273036)
[ view plain ]
| 000 -LEADER | |
|---|---|
| fixed length control field | 00325 a2200133 4500 |
| 001 - CONTROL NUMBER | |
| control field | 37963 |
| 020 ## - INTERNATIONAL STANDARD BOOK NUMBER | |
| International Standard Book Number | 9780201512861 |
| 082 ## - DEWEY DECIMAL CLASSIFICATION NUMBER | |
| Classification number | 519.2 LAR |
| 090 ## - LOCALLY ASSIGNED LC-TYPE CALL NUMBER (OCLC); LOCAL CALL NUMBER (RLIN) | |
| -- | 24142 |
| -- | 24142 |
| 100 ## - MAIN ENTRY--PERSONAL NAME | |
| Personal name | Harold J Lanson |
| 245 ## - TITLE STATEMENT | |
| Title | Introduction to probability |
| Statement of responsibility, etc. | Harold J Lanson |
| 260 ## - PUBLICATION, DISTRIBUTION, ETC. | |
| Place of publication, distribution, etc. | USA |
| Name of publisher, distributor, etc. | Addison Wesley |
| Date of publication, distribution, etc. | 1995 |
| 300 ## - PHYSICAL DESCRIPTION | |
| Extent | viii371p |
| 942 ## - ADDED ENTRY ELEMENTS (KOHA) | |
| Institution code [OBSOLETE] | NUST-CAE |
| Call number prefix | 519.2 LAR |
| Withdrawn status | Lost status | Damaged status | Not for loan | Collection code | Permanent Location | Current Location | Date acquired | Total Checkouts | Full call number | Barcode | Date last seen | Price effective from | Koha item type |
|---|---|---|---|---|---|---|---|---|---|---|---|---|---|
| College of Aeronautical Engineering (CAE) | College of Aeronautical Engineering (CAE) | 04/03/2017 | 519.2 LAR | CAE69267 | 04/05/2017 | 04/05/2017 | Book |
